000 00316nam a22001337a 4500
020 _a81-7684-103-X
041 _aENG
100 _aSarao.A.S
245 _aTegineering Thermodynamic ( applied Thermodynamics )
260 _aNew Delhi
_bSatya Pab
_c2001
300 _a856
650 _aAPE
856 _uAPE ( 10 )
999 _c1791
_d1791